Prírodné látky horkej chuti

Guardado en:
Detalles Bibliográficos
Autor principal: Mináriková, Petra (Autor)
Otros Autores: Greif, Gabriel (Orientador)
Formato: Manuscrito Libro
Lenguaje:eslovaco
Publicado: 2015
Materias:
Acceso en línea:http://is.stuba.sk/zp/portal_zp.pl?podrobnosti=102223
Etiquetas: Agregar Etiqueta
Sin Etiquetas, Sea el primero en etiquetar este registro!

MARC

LEADER 00000ntm a22000003a 4500
001 stuzp52956
003 SK-STU
005 20160719154330.8
007 ta
008 150427s2015----xo-----f-mn---000-0-slo-d
040 |a STU  |b slo 
041 0 |a slo 
100 1 |a Mináriková, Petra  |u 044250  |4 aut  |U FCHPT Ústav biotechnológie a potravinárstva  |T FCHPT Oddelenie potravinárskej technológie  |X 61530  |U C4250  |Y 115  |7 61530 
242 0 1 |a Naturally Occurring Bitter Compounds  |y eng 
245 1 0 |a Prírodné látky horkej chuti 
260 |c 2015 
650 4 |a horčina  |2 slo 
650 4 |a amara  |2 slo 
650 4 |a chuťové receptory  |2 slo 
650 4 |a bitters  |2 slo 
650 4 |a horké látky  |2 slo 
650 4 |a bitters  |2 eng 
650 4 |a bitter compounds  |2 eng 
650 4 |a amara  |2 eng 
650 4 |a taste buds  |2 eng 
700 1 |a Greif, Gabriel  |4 ths  |X 3350  |7 A000003350 
856 4 |u http://is.stuba.sk/zp/portal_zp.pl?podrobnosti=102223 
SQL |a stuzp52956  |b DBP  |c SLO  |d Prírodné látky horkej chuti  |e 61530  |f Mináriková, Petra  |g 044250  |h 3350  |i Greif, Gabriel  |j 20150715  |k 520  |l 04  |m http://is.stuba.sk/zp/portal_zp.pl?podrobnosti=102223  |n B-oVYKOZ  |o 5.2.24. potravinárstvo